000
00276nam a22001337a 4500
003
SGT
082
_a
621.382
_b
D05K
100
_a
KATRE,J.S
245
_a
DIGITAL COMMUNICATION
260
_a
PUNE
_b
TECH-MAX PUB
_c
2005
300
_a
5-98
650
_a
PHARMACY
942
_2
ddc
_c
BK
999
_c
11211
_d
11211